Statistics for The Reilly Quiz

Click here to take the quiz!

General Stats

  • This quiz has been taken 6 times
  • The average score is 7 of 10

Answer Stats

HintAnswer% Correct
What to buy from KFCZinger Box
100%
What is G equal to in engineering10
75%
What is the answer to the above4
75%
Campbell's best impressionAustin Powers
75%
Best sport in Wii SportsBoxing
75%
The best tool for self defenceHamboning
75%
What is the best Regular Show characterPops
75%
The best guitar chordGsus
50%
I spy with my little eye, something beginning with JJrohan
50%
What is Pi equal toLamda
50%

Score Distribution

Percentile by Number Answered

Percent of People with Each Score

Your Score History

You have not taken this quiz